Statistiques concernant Personnages de Modern Family par images

Cliquez ici pour prendre le quiz!

Statistiques générales

  • Ce quiz a été pris 207 fois
  • Le résultat moyen est 14 sur 16

Statistiques - réponses

Réponse% Correct
Claire Dunphy
97%
Gloria Pritchett
97%
Phil Dunphy
97%
Cameron Tucker
95%
Lily Tucker-Pritchett
95%
Manny Delgado
95%
Alex Dunphy
92%
Luke Dunphy
92%
Jay Pritchett
90%
Mitchell Pritchett
90%
Dylan
84%
Haley Dunphy
82%
Joe Pritchett
80%
Stella
77%
DeDe Pritchett
59%
Frank Dunphy
34%

Distribution des résultats

Percentile par nombre de réponses

% des personnes avec chaque résultat

Votre développement - résultats

Vous n’avez pas pris ce quiz